000 00553nam a2200193Ia 4500
005 20250923145042.0
008 008 250917s9999 xx 000 0 eng d
037 _aTextual
040 _aDSWL
_beng
_cDSWL
041 _aeng
_2eng
084 _aV2182:1.M5, KS
_qDSWL
100 _aFrykenberg, R.E.
_9831301
245 0 _aGuntur district 1788-1848
_cby R.E. Frykenberg
260 _aOxford
_bClarendon Press
_c1965
365 _aINR
_b45
925 _g45
942 _cTEXL
_hV2182:1.M5, KS
999 _c1446501
_d1446501